logo

Bir Sreshtho Munshi Abdur Rouf Library
Jhenaidah Cadet College

The Idea Of Justice / (Record no. 11738)

MARC details
000 -LEADER
fixed length control field 00600nam a2200229 a 4500
001 - CONTROL NUMBER
JCCL Control Number 11738
003 - CONTROL NUMBER IDENTIFIER
JCCL marc code BD-JhCC
005 - DATE AND TIME OF LATEST TRANSACTION
control field 20200810130440.0
008 - FIXED-LENGTH DATA ELEMENTS--GENERAL INFORMATION
fixed length control field 200810t20092010xxu |||| ||a| 001 0 eng d
020 ## - INTERNATIONAL STANDARD BOOK NUMBER
International Standard Book Number 9780141037851
035 ## - SYSTEM CONTROL NUMBER
system control number (BD-JhCC)11738
040 ## - CATALOGING SOURCE
Original cataloging agency BD-JhCC
Modifying agency BD-JhCC
041 ## - LANGUAGE CODE
Language code of Book eng
082 ## - DEWEY DECIMAL CLASSIFICATION NUMBER
Classification number 340.01
Author mark and Year SEN 2010
100 ## - MAIN ENTRY--PERSONAL NAME
Personal name Sen, Amartya
245 ## - TITLE STATEMENT
Title The Idea Of Justice /
Statement of responsibility, etc Amartya Sen .
260 ## - PUBLICATION, DISTRIBUTION, ETC. (IMPRINT)
Place of publication, distribution, etc London:
Name of publisher, distributor, etc penguin books;
Date of publication, distribution, etc 2010.
300 ## - PHYSICAL DESCRIPTION
Pagination 468 p. :
Other physical details 20 cm.
651 ## - SUBJECT ADDED ENTRY--GEOGRAPHIC NAME
Geographic name Justice
General subdivision Social contract
Chronological subdivision Ethics
Geographic subdivision Legal positivism
942 ## - ADDED ENTRY ELEMENTS (KOHA)
Source of classification or shelving scheme Dewey Decimal Classification
Koha item type Books
Holdings
Source of classification or shelving scheme Damaged status Not for loan Home library Current library Shelving location Date of accession Cost, normal purchase price Total Checkouts Full call number Barcode Date last seen Copy number Koha item type
Dewey Decimal Classification     JCC Rouf Library JCC Rouf Library General Stacks 08/10/2020 599.00   340.01 SEN 2010 15940 08/10/2020 C-1 Books

JCC Library | Contacts | JCC Home

Last Update on 23 September 2017
Copyright @ 2017-2020 JCC Rouf Library
Rouf Library, Jhenidah Cadet College (JCC), Bangladesh